Instrucciones para un funeral / (Registro nro. 30338)

Detalles MARC
000 -LEADER
fixed length control field 00334nam a22001337a 4500
003 - CONTROL NUMBER IDENTIFIER
control field OSt
005 - DATE AND TIME OF LATEST TRANSACTION
control field 20231124214221.0
008 - FIXED-LENGTH DATA ELEMENTS--GENERAL INFORMATION
fixed length control field 231124b |||||||| |||| 00| 0 eng d
040 ## - CATALOGING SOURCE
Transcribing agency CO-JMCR
082 ## - DEWEY DECIMAL CLASSIFICATION NUMBER
Classification number C /
Item number MEAd
100 ## - MAIN ENTRY--PERSONAL NAME
Personal name Means David
Relator term autor
9 (RLIN) 42942
245 ## - TITLE STATEMENT
Title Instrucciones para un funeral /
Statement of responsibility, etc. David Means
942 ## - ADDED ENTRY ELEMENTS (KOHA)
Source of classification or shelving scheme Dewey Decimal Classification
Koha item type Books

No hay ítems disponibles.